Practical teachniques for language teaching

Gardado en:
Detalles Bibliográficos
Formato: Libro
Publicado: 1985
Các nhãn: Engadir etiqueta
Sen Etiquetas, Sexa o primeiro en etiquetar este rexistro!
Thư viện lưu trữ: Mạng thư viện Đại học Đà Nẵng
LEADER 00452nam a22001811a 4500
001 000038079
003 14374
005 20160412021221.0
008 160412s1985 000
082 |a 4A(07)1619 
245 |a Practical teachniques for language teaching  |c Michael Lewis 
260 |c 1985 
OWN |a LNN 
999 |a From the UDN01 
TYP |a Monograph 
980 |a Mạng thư viện Đại học Đà Nẵng